Brazilian Portuguese Animals - Statistics

General Stats
  • This quiz has been taken 88 times
  • The average score is 16 of 20
Answer Stats
Hint Answer % Correct
gata cat
98%
tigre tiger
97%
elefante elephant
95%
cachorro dog
92%
cobra snake
92%
cavalo horse
90%
rato mouse
90%
aranha spider
89%
vaca cow
84%
macaco monkey
82%
tartaruga turtle
80%
urso bear
79%
lobo wolf
79%
insetos insects
72%
pato duck
70%
abelha bee
69%
borboleta butterfly
64%
coelho rabbit
64%
moscas flies
56%
tatu armadillo
46%
No matching quizzes found
Score Distribution
Percent of People with Each Score
Percentile by Number Answered
Your Score History
You have not taken this quiz